Market institutions, governance, and development : (Record no. 17653)

MARC details
000 -LEADER
fixed length control field 00788nam a22002177a 4500
005 - DATE AND TIME OF LATEST TRANSACTION
control field 20081022122022.0
008 - FIXED-LENGTH DATA ELEMENTS--GENERAL INFORMATION
fixed length control field 081022t xxu||||| |||| 00| 0 eng d
010 ## - LIBRARY OF CONGRESS CONTROL NUMBER
LC control number ENG-84315
020 ## - INTERNATIONAL STANDARD BOOK NUMBER
International Standard Book Number 019568107X
020 ## - INTERNATIONAL STANDARD BOOK NUMBER
Terms of availability 675.00 (hb)
035 ## - SYSTEM CONTROL NUMBER
System control number EN-67848
082 ## - DEWEY DECIMAL CLASSIFICATION NUMBER
Classification number 330.122
100 ## - MAIN ENTRY--PERSONAL NAME
Personal name Mookherjee, Dilip
245 ## - TITLE STATEMENT
Title Market institutions, governance, and development :
Remainder of title collected essays /
Statement of responsibility, etc by Dilip Mookherjee
260 ## - PUBLICATION, DISTRIBUTION, ETC. (IMPRINT)
Place of publication, distribution, etc New Delhi
Name of publisher, distributor, etc Oxford University Press
260 ## - PUBLICATION, DISTRIBUTION, ETC. (IMPRINT)
Date of publication, distribution, etc 2006
300 ## - PHYSICAL DESCRIPTION
Extent xii,370p
Dimensions 23cm
500 ## - GENERAL NOTE
General note Includes bibliographical references
942 ## - ADDED ENTRY ELEMENTS (KOHA)
Source of classification or shelving scheme Dewey Decimal Classification
Koha item type English Books
Classification part 330.122
Call number suffix DEC
Holdings
Withdrawn status Lost status Source of classification or shelving scheme Damaged status Not for loan Collection code Home library Current library Date acquired Cost, normal purchase price Total Checkouts Full call number Barcode Date last seen Copy number Cost, replacement price Price effective from Koha item type
    Dewey Decimal Classification   Not For Loan Non-fiction D.B.Act.Division D.B.Act.Division 28/02/2007 675.00   330.122 DEC EN-67848 04/11/2008 1 675.00 04/11/2008 English Books

© Delhi Public Library
Hit Counter
free hit counter